000
00341nam a2200157Ia 4500
005
20250425161117.0
008
250425s9999 xx 000 0 und d
041
_a
spa
082
_a
547.04
245
0
_a
FIJACION DEL NITROGENO
250
_a
S.E.
260
_a
S.L.
260
_a
Sin Pais
_b
OMEG
_c
1981
942
_c
01
010
_a
12892
999
_c
202623
_d
202623